000 00490nam a2200181Ia 4500
005 20250423100212.0
008 250422s9999 xx 000 0 und d
020 _a9788189757274
050 _aTK 7895.M5 .M37/
100 _aMarriwala, Nikhil
245 0 _aMicroprocessors and interfacing
260 _aNew Delhi, India
260 _bS. K. Kataria & sons
260 _c2013
300 _a850 p
650 _aMicroprocessors. Computer interfaces. Microcontrollers.
942 _cBK
999 _c32587
_d32587